[Event "Open de la Loire 2014-2015"]
[Site "Aurec"]
[Date "2014.12.06"]
[Round "4.8"]
[White "Volay, Pascal"]
[Black "Martin, Julien"]
[Result "1-0"]
[WhiteElo "1460"]
[BlackElo "1420"]
[PlyCount "81"]
[EventDate "2014.??.??"]

1. d4 d5 2. c4 dxc4 3. e3 Qd6 4. Bxc4 Nf6 5. Nf3 Ne4 6. Bd3 Qb4+ 7. Bd2 Nxd2 8.
Qxd2 Qb6 9. Nc3 e6 10. a3 Be7 11. Bb5+ Bd7 12. Bd3 Nc6 13. O-O Na5 14. Qc2 g6
15. Na4 Qc6 16. Nc3 a6 17. Ne5 Qd6 18. Ne4 Qb6 19. Nxd7 Kxd7 20. Qa4+ c6 21. b4
h5 22. Qxa5 Qa7 23. Nc5+ Kc8 24. Qa4 Qb8 25. Ne4 h4 26. h3 f5 27. Nc5 Qd6 28.
f4 g5 29. fxg5 Bxg5 30. Rf3 Rg8 31. Qb3 Rg7 32. Raf1 Kc7 33. Qc4 Rag8 34. R1f2
Bh6 35. e4 Rg3 36. e5 Rxg2+ 37. Rxg2 Rxg2+ 38. Kxg2 Qd7 39. Nxe6+ Kc8 40. Bxf5
Qe7 41. Qc5 1-0

[Event "Open de la Loire 2014-2015"]
[Site "Aurec"]
[Date "2014.12.06"]
[Round "4.9"]
[White "Trottet, Francois"]
[Black "Boeuf, Jeremy"]
[Result "0-1"]
[WhiteElo "1470"]
[BlackElo "1598"]
[PlyCount "94"]
[EventDate "2014.??.??"]

1. e4 d5 2. exd5 Nf6 3. c4 e6 4. Nf3 exd5 5. d4 Bb4+ 6. Nc3 Bxc3+ 7. bxc3 Qe7+
8. Ne5 Nbd7 9. Qa4 c6 10. Bf4 Nxe5 11. Bxe5 Ng4 12. Qb4 Nxe5 13. Qxe7+ Kxe7 14.
dxe5 Be6 15. Rb1 Rab8 16. cxd5 Bxd5 17. c4 Be4 18. Rb3 Rhd8 19. f3 Bc2 20. Re3
Rd1+ 21. Kf2 Rbd8 22. Kg3 Rb1 23. Kf2 Rd2+ 24. Re2 Rxe2+ 25. Kxe2 Rb2 26. Ke3
Rxa2 27. Be2 Ra3+ 28. Kd4 b6 29. Rc1 Bg6 30. f4 Ke6 31. Bg4+ Ke7 32. f5 c5+ 33.
Ke4 Bxf5+ 34. Bxf5 g6 35. Bh3 a5 36. Rd1 Rc3 37. Rd7+ Ke8 38. Kd5 Rxh3 39. Rb7
Rb3 40. Kc6 a4 41. Rb8+ Ke7 42. Ra8 a3 43. Ra7+ Ke6 44. Rd7 a2 45. Rd6+ Kxe5
46. Rd5+ Ke4 47. Kd6 Rd3 0-1

[Event "Open de la Loire 2014-2015"]
[Site "Aurec"]
[Date "2014.12.06"]
[Round "4.10"]
[White "Acikgoz, Tuncay"]
[Black "Mialon, Franck"]
[Result "1-0"]
[WhiteElo "1655"]
[BlackElo "1350"]
[PlyCount "71"]
[EventDate "2014.??.??"]

1. d4 d5 2. Nf3 c6 3. c3 e6 4. Bg5 Be7 5. Bxe7 Qxe7 6. e3 f5 7. Nbd2 Nf6 8. Ne5
Nbd7 9. Ndf3 O-O 10. Bd3 Ne4 11. Nxd7 Bxd7 12. Ne5 Rad8 13. O-O Qh4 14. f4 Rf6
15. Bxe4 fxe4 16. g3 Qh6 17. Qg4 Be8 18. Qd1 Bh5 19. Qa4 Bf3 20. Rxf3 exf3 21.
Ng4 Qh3 22. Nxf6+ gxf6 23. Qc2 Kh8 24. Qf2 Qh5 25. Rf1 Qf5 26. Qxf3 h5 27. Re1
h4 28. e4 Qh7 29. g4 f5 30. exf5 exf5 31. g5 h3 32. Re6 Kg8 33. Qe3 Qh5 34. Rh6
Qd1+ 35. Kf2 Qg4 36. Qe6+ 1-0

[Event "Open de la Loire 2014-2015"]
[Site "Aurec"]
[Date "2014.12.06"]
[Round "4.11"]
[White "Libiszewski, Christian"]
[Black "Brachet, Gerard"]
[Result "1/2-1/2"]
[WhiteElo "1400"]
[BlackElo "1320"]
[PlyCount "86"]
[EventDate "2014.??.??"]

1. e4 e5 2. Nf3 Nc6 3. Bc4 Nf6 4. d3 d6 5. h3 g6 6. O-O Bg7 7. Re1 O-O 8. c3
Na5 9. Bb5 c6 10. Ba4 b5 11. Bc2 c5 12. d4 cxd4 13. cxd4 exd4 14. Nxd4 a6 15.
Be3 Bb7 16. Nd2 Rc8 17. f3 Nc4 18. Nxc4 bxc4 19. Qd2 Re8 20. Rad1 d5 21. exd5
Bxd5 22. Bh6 Qb6 23. Bxg7 Kxg7 24. Qc3 h6 25. Kf1 Kh7 26. Rxe8 Rxe8 27. Re1
Rxe1+ 28. Kxe1 Nh5 29. Ne2 Qe6 30. Kf2 Qb6+ 31. Kf1 f5 32. Qe5 Qe6 33. Qxe6
Bxe6 34. Kf2 f4 35. Nd4 Bd7 36. Bd1 Bb5 37. Be2 g5 38. Nc2 Ng3 39. Nd4 Nxe2 40.
Nxe2 Kg6 41. Ke1 Kf6 42. Kd2 Ke5 43. Kc3 Kd5 1/2-1/2

[Event "Open de la Loire 2014-2015"]
[Site "Aurec"]
[Date "2014.12.06"]
[Round "4.12"]
[White "Petrosyan, Armen"]
[Black "Choquelle, Jean"]
[Result "1-0"]
[WhiteElo "1399"]
[BlackElo "1190"]
[PlyCount "81"]
[EventDate "2014.??.??"]

1. Nf3 Nc6 2. d4 d5 3. e3 Bf5 4. a3 e6 5. c4 Nf6 6. Nc3 a6 7. cxd5 exd5 8. Be2
Bd6 9. Qb3 Be6 10. Qxb7 Rb8 11. Qxa6 Bd7 12. Qd3 O-O 13. Qc2 Na5 14. b4 Nc4 15.
Bxc4 dxc4 16. Nd2 Be6 17. e4 Nh5 18. Ne2 Bg4 19. Nxc4 Be7 20. Be3 Bd7 21. Nf4
Nf6 22. f3 Bc6 23. O-O-O Qd7 24. Ne5 Ba4 25. Nxd7 Bxc2 26. Nxf8 Bxd1 27. Rxd1
Kxf8 28. e5 Nd7 29. Nd5 Bd8 30. Rd3 c6 31. Nc3 Nb6 32. Ne4 Nc4 33. Rc3 Nxa3 34.
Rxa3 Rxb4 35. Rc3 Ra4 36. Rxc6 Ra1+ 37. Kb2 Ra8 38. Nc5 Be7 39. d5 Rb8+ 40. Kc3
Bd8 41. Nd7+ 1-0

[Event "Open de la Loire 2014-2015"]
[Site "Aurec"]
[Date "2014.12.06"]
[Round "4.13"]
[White "Bournez, Gerard"]
[Black "Poyet, Louis"]
[Result "1/2-1/2"]
[WhiteElo "1360"]
[BlackElo "1140"]
[PlyCount "72"]
[EventDate "2014.??.??"]

1. e4 e5 2. Nc3 Nf6 3. Bc4 Bc5 4. h3 d6 5. d3 O-O 6. Bg5 Be6 7. Bb3 Nc6 8. Nf3
h6 9. Bxf6 Qxf6 10. O-O Rad8 11. Nd5 Qg6 12. Kh2 Bxd5 13. Bxd5 Nd4 14. c3 Nxf3+
15. Qxf3 c6 16. Bb3 Kh8 17. Rad1 f5 18. Rd2 fxe4 19. Qxe4 Qxe4 20. dxe4 Rf4 21.
Bc2 d5 22. g3 Rf6 23. Kg2 a6 24. a3 b5 25. b4 Bb6 26. f3 g5 27. Bd1 Rfd6 28.
Rd3 Kg7 29. g4 Kf7 30. Bb3 Ke6 31. exd5+ cxd5 32. a4 R8d7 33. a5 Ba7 34. Ba2
Rd8 35. Bb3 R8d7 36. Ba2 Rd8 1/2-1/2

[Event "Open de la Loire 2014-2015"]
[Site "Aurec"]
[Date "2014.12.06"]
[Round "4.14"]
[White "Duffy, Claudine"]
[Black "Legendre, Julien"]
[Result "0-1"]
[WhiteElo "1080"]
[BlackElo "1580"]
[PlyCount "66"]
[EventDate "2014.??.??"]

1. e4 e5 2. Nf3 d6 3. Nc3 Nc6 4. d3 Bg4 5. Be2 Be7 6. O-O Nf6 7. b3 h6 8. Ba3
Be6 9. Qd2 b5 10. Nxb5 Rb8 11. c4 a6 12. Nc3 Nd7 13. g3 f5 14. exf5 Bxf5 15.
Kg2 h5 16. Nh4 Bxh4 17. gxh4 Qxh4 18. Rfc1 Nd4 19. Qe3 Nf6 20. Nd5 Bd7 21.
Nxf6+ gxf6 22. c5 Rg8+ 23. Kf1 Bh3+ 24. Ke1 Rg1+ 25. Kd2 Rxc1 26. Rxc1 Bg4 27.
c6 Ke7 28. Bb2 Nxe2 29. Rc4 Qxh2 30. f3 Nd4+ 31. Kc3 Nb5+ 32. Kb4 Qxb2 33. fxg4
Qa3# 0-1

[Event "Open de la Loire 2014-2015"]
[Site "Aurec"]
[Date "2014.12.06"]
[Round "4.15"]
[White "Raffin, Philippe"]
[Black "Dugelay, Alain"]
[Result "0-1"]
[WhiteElo "1399"]
[BlackElo "1090"]
[PlyCount "90"]
[EventDate "2014.??.??"]

1. e4 e5 2. Nf3 d6 3. Nc3 Nf6 4. Bc4 Bg4 5. O-O Be7 6. d3 O-O 7. Bg5 Nh5 8. h3
Bd7 9. Nh4 Bxg5 10. Nf3 Bf6 11. Qd2 Nc6 12. Rfe1 Nb4 13. a3 b5 14. Nxb5 Nc6 15.
Qe3 Qb8 16. c3 Na5 17. Bd5 c6 18. Ba2 Qxb5 19. c4 Qxb2 20. Re2 Qxa3 21. Rb1 Qc5
22. Qxc5 dxc5 23. Reb2 Nf4 24. Ne1 Bg5 25. Nf3 Nxd3 26. Re2 Nf4 27. Rd2 Rfd8
28. Nxg5 f6 29. g3 Nxh3+ 30. Nxh3 Bxh3 31. Rbb2 Rd4 32. Kh2 Bg4 33. Rxd4 exd4
34. Rd2 Be6 35. Rc2 d3 36. Rc3 d2 37. Rd3 Bxc4 38. Bxc4+ Nxc4 39. f4 Re8 40.
Kh3 Rxe4 41. Kg4 Ne5+ 42. Kf5 Nxd3 43. Kxe4 d1=Q 44. Ke3 c4 45. Kd4 Qc2 0-1

[Event "Open de la Loire 2014-2015"]
[Site "Aurec"]
[Date "2015.01.17"]
[Round "5.1"]
[White "Ould Taleb, Said"]
[Black "Briancon, Jean-Philippe"]
[Result "1/2-1/2"]
[WhiteElo "1860"]
[BlackElo "1412"]
[PlyCount "48"]
[EventDate "2015.??.??"]

1. e4 c6 2. d4 d5 3. exd5 cxd5 4. Bd3 Nc6 5. c3 e6 6. Bf4 Bd6 7. Bxd6 Qxd6 8.
Nf3 Nf6 9. O-O O-O 10. Nbd2 e5 11. dxe5 Nxe5 12. Nxe5 Qxe5 13. Nf3 Qd6 14. h3
Be6 15. Nd4 Rac8 16. Re1 Rfe8 17. Qf3 a6 18. g4 Nd7 19. Re2 Nc5 20. Bc2 Rc7 21.
Rae1 Rce7 22. a4 Qd7 23. Nf5 Bxf5 24. Bxf5 Ne6 1/2-1/2

[Event "Open de la Loire 2014-2015"]
[Site "Aurec"]
[Date "2015.01.17"]
[Round "5.2"]
[White "Desassis, Jean-Francois"]
[Black "Bragado, Kevin"]
[Result "0-1"]
[WhiteElo "1550"]
[BlackElo "1720"]
[PlyCount "78"]
[EventDate "2015.??.??"]

1. c4 Nf6 2. Nc3 e6 3. g3 Be7 4. Bg2 O-O 5. Nf3 d5 6. cxd5 Nxd5 7. O-O Nd7 8.
d3 Nxc3 9. bxc3 Bf6 10. Qc2 c6 11. a4 Nb6 12. d4 Re8 13. e4 a5 14. e5 Be7 15.
h4 Nd5 16. Bg5 h6 17. Bd2 c5 18. Rfd1 Qc7 19. Qc1 Bd7 20. Re1 Rac8 21. Re4 Kh7
22. Qb1 g6 23. Qc1 cxd4 24. Bxh6 Nxc3 25. Ng5+ Bxg5 26. Qxg5 Nxe4 27. Bxe4 Bc6
28. Rc1 Qd8 29. Bxc6 Qxg5 30. Bxg5 Rxc6 31. Rb1 b6 32. Kg2 Rb8 33. Kf3 Rc4 34.
Ra1 b5 35. axb5 Rxb5 36. Ke4 a4 37. Kd3 Rbc5 38. Be7 Rc3+ 39. Kxd4 R5c4# 0-1

[Event "Open de la Loire 2014-2015"]
[Site "Aurec"]
[Date "2015.01.17"]
[Round "5.3"]
[White "Boeuf, Jean-Julien"]
[Black "Fauvin, David"]
[Result "1/2-1/2"]
[WhiteElo "1521"]
[BlackElo "1620"]
[PlyCount "41"]
[EventDate "2015.??.??"]

1. Nf3 c5 2. e4 Nc6 3. Bb5 a6 4. Bxc6 bxc6 5. O-O d5 6. d3 Bg4 7. Bf4 e6 8. h3
Bh5 9. g4 Bg6 10. Ne5 Qf6 11. Bg3 Rc8 12. Qc1 h5 13. g5 Qd8 14. Nxg6 fxg6 15.
h4 Bd6 16. Qe3 Ne7 17. Nd2 Qd7 18. c3 O-O 19. Rae1 e5 20. Nf3 Qg4 21. Nh2
1/2-1/2

[Event "Open de la Loire 2014-2015"]
[Site "Aurec"]
[Date "2015.01.17"]
[Round "5.4"]
[White "Imperiali, Joris"]
[Black "Allabrune, Guillaume"]
[Result "0-1"]
[WhiteElo "1557"]
[BlackElo "1511"]
[PlyCount "68"]
[EventDate "2015.??.??"]

1. e4 e6 2. d4 d5 3. e5 c5 4. c3 Qb6 5. Nf3 Nc6 6. Bd3 cxd4 7. cxd4 Bd7 8. Bc2
Nb4 9. Bb3 Bb5 10. Ba4 Nd3+ 11. Qxd3 Bxa4 12. Nc3 Bd7 13. O-O Ne7 14. Bg5 h6
15. Be3 Rc8 16. Nd2 Qxb2 17. Rfc1 Bc6 18. Rab1 Qa3 19. Nb3 Nf5 20. Nb5 Qa6 21.
Bd2 Ba3 22. Nc5 Bxb5 23. Nxa6 Bxd3 24. Rxc8+ Kd7 25. Rxh8 Bxb1 26. Nc5+ Bxc5
27. dxc5 Bxa2 28. Rh7 Kc6 29. Bb4 d4 30. g4 Ne7 31. Rxg7 Ng6 32. Rxf7 Nxe5 33.
Rf6 Nxg4 34. Rg6 Ne5 0-1

[Event "Open de la Loire 2014-2015"]
[Site "Aurec"]
[Date "2015.01.17"]
[Round "5.5"]
[White "Liogier, Pascal"]
[Black "Volay, Pascal"]
[Result "1-0"]
[WhiteElo "1600"]
[BlackElo "1480"]
[PlyCount "63"]
[EventDate "2015.??.??"]

1. Nf3 d5 2. d4 Nf6 3. Bf4 e6 4. e3 Bd6 5. Ne5 Nbd7 6. Bd3 O-O 7. Nd2 a6 8. c3
h6 9. Qf3 Kh8 10. Qh3 Ng8 11. Ndf3 Ndf6 12. g4 Bxe5 13. Nxe5 Ne4 14. f3 Ng5 15.
Bxg5 Qxg5 16. f4 Qe7 17. g5 c6 18. Rg1 Rb8 19. Rg3 c5 20. Kd2 c4 21. Bc2 Bd7
22. Rag1 Qe8 23. gxh6 g6 24. Rxg6 fxg6 25. Nxg6+ Qxg6 26. Rxg6 Rf7 27. Rg7 Rbf8
28. Rxf7 Rxf7 29. Qh5 Rf6 30. Qe5 Be8 31. h7 Bf7 32. hxg8=Q+ 1-0

[Event "Open de la Loire 2014-2015"]
[Site "Aurec"]
[Date "2015.01.17"]
[Round "5.6"]
[White "Petrosyan, Armen"]
[Black "Acikgoz, Tuncay"]
[Result "1-0"]
[WhiteElo "1480"]
[BlackElo "1564"]
[PlyCount "89"]
[EventDate "2015.??.??"]

1. Nf3 d5 2. e3 c5 3. d4 Nc6 4. c4 Bg4 5. cxd5 Qxd5 6. Nc3 Qd8 7. Bb5 Bd7 8. d5
Nb8 9. Bc4 Nf6 10. O-O g6 11. e4 Bg7 12. Re1 O-O 13. Bf4 Nh5 14. Be3 b6 15. h3
Bc8 16. Qc2 e6 17. g4 exd5 18. Bxd5 Qf6 19. e5 Qe7 20. Bg5 Qd7 21. Bxa8 Bb7 22.
Bxb7 Qxb7 23. Qe4 Qd7 24. Rad1 Qc8 25. Nd5 Kh8 26. Kg2 f5 27. exf6 Nxf6 28.
Nxf6 Bxf6 29. Bxf6+ Rxf6 30. Qe8+ Rf8 31. Qxc8 Rxc8 32. Re7 Nc6 33. Red7 h6 34.
Rb7 Nd8 35. Rxa7 Ne6 36. Rdd7 Kg8 37. Rab7 Nf4+ 38. Kh2 Ne6 39. Rxb6 Nf8 40.
Re7 Rd8 41. Rbb7 Rd3 42. Ne5 Rd6 43. Rg7+ Kh8 44. Nf7+ Kxg7 45. Nxd6+ 1-0

[Event "Open de la Loire 2014-2015"]
[Site "Aurec"]
[Date "2015.01.17"]
[Round "5.7"]
[White "Schuhmann, Alain"]
[Black "Barrandon, Georges"]
[Result "0-1"]
[WhiteElo "1520"]
[BlackElo "1460"]
[PlyCount "96"]
[EventDate "2015.??.??"]

1. e4 e5 2. f4 d6 3. Nf3 Nd7 4. Be2 Ngf6 5. Nc3 b6 6. O-O Be7 7. Bb5 O-O 8. d4
exd4 9. Nxd4 Nc5 10. Nc6 Qe8 11. Nd4 Bd7 12. Bd3 a6 13. Be3 b5 14. Nb3 Nxb3 15.
axb3 Bc8 16. Nd5 Nxd5 17. exd5 Bb7 18. c4 Bf6 19. Bc1 b4 20. Re1 Qd8 21. Qh5 g6
22. Qg4 Re8 23. Kf1 Rxe1+ 24. Kxe1 Qe8+ 25. Kf1 Qe7 26. Rb1 c6 27. Bd2 a5 28.
Re1 Qc7 29. f5 cxd5 30. fxg6 fxg6 31. Qe6+ Kg7 32. Bf4 Rd8 33. Qh3 Bc8 34. Qh6+
Kg8 35. Bxg6 hxg6 36. Qxg6+ Qg7 37. Qd3 d4 38. Bxd6 Bb7 39. g3 Rxd6 40. Re8+
Kf7 41. c5 Re6 42. Rxe6 Kxe6 43. Qc4+ Kf5 44. c6 Bc8 45. Qd5+ Kg6 46. Qxa5 Qe7
47. c7 d3 48. h4 Bh3+ 0-1

[Event "Open de la Loire 2014-2015"]
[Site "Aurec"]
[Date "2015.01.17"]
[Round "5.8"]
[White "Guichard, Thomas"]
[Black "Fournier, Gerald"]
[Result "0-1"]
[WhiteElo "1460"]
[BlackElo "1490"]
[PlyCount "75"]
[EventDate "2015.??.??"]

1. e4 c5 2. Nf3 e6 3. d3 Nc6 4. Nc3 a6 5. Be2 Qc7 6. b3 Be7 7. a4 d6 8. Bb2 Nf6
9. O-O O-O 10. Nd2 Nd4 11. Nc4 e5 12. a5 Nxe2+ 13. Qxe2 Be6 14. Nb6 Rad8 15. h3
Qc6 16. f4 exf4 17. Rxf4 Nd7 18. Ncd5 Bg5 19. Raf1 Nxb6 20. axb6 Bxd5 21. exd5
Qxb6 22. Qg4 f6 23. Qe6+ Kh8 24. Rg4 Rde8 25. Qf5 Be3+ 26. Kh2 Bd4 27. Bxd4
cxd4 28. Rh4 h6 29. Rf3 Re5 30. Qd7 Rxd5 31. Rg3 Rg5 32. Qe7 Kg8 33. Qe6+ Rf7
34. Qe8+ Rf8 35. Qe6+ Kh7 36. Rxg5 fxg5 37. Qe4+ Kh8 38. Qe7 0-1

[Event "Open de la Loire 2014-2015"]
[Site "Aurec"]
[Date "2015.01.17"]
[Round "5.9"]
[White "Martin, Julien"]
[Black "Bournez, Gerard"]
[Result "1-0"]
[WhiteElo "1520"]
[BlackElo "1330"]
[PlyCount "117"]
[EventDate "2015.??.??"]

1. e4 e5 2. Nf3 Nc6 3. Nc3 Nf6 4. d4 exd4 5. Nxd4 Bb4 6. Nxc6 bxc6 7. Bd2 O-O
8. Bd3 d6 9. O-O Bxc3 10. Bxc3 Re8 11. Qf3 Be6 12. Rfe1 Nd7 13. e5 d5 14. Qh5
g6 15. Qf3 Kg7 16. Bd2 h6 17. Qf4 Rh8 18. c4 a5 19. cxd5 cxd5 20. Bb5 Nb6 21.
Rac1 Ra7 22. Be3 g5 23. Qf3 Qe7 24. Bc6 Rd8 25. Bc5 Rd6 26. exd6 cxd6 27. Qc3+
f6 28. Bxb6 Ra6 29. Bxa5 Qf7 30. Bb5 Ra7 31. Rxe6 Qxe6 32. Re1 Qf7 33. Bb4 Rc7
34. Qg3 Rb7 35. Bxd6 Rxb5 36. Re7 Rxb2 37. Rxf7+ Kxf7 38. h3 Re2 39. a4 d4 40.
Qb3+ Kg7 41. a5 Re1+ 42. Kh2 Ra1 43. Qb7+ Kg6 44. a6 h5 45. a7 h4 46. a8=Q Rxa8
47. Qxa8 Kf5 48. Qf3+ Ke6 49. Bb4 f5 50. g3 hxg3+ 51. Kxg3 Ke5 52. h4 gxh4+ 53.
Kxh4 Kf6 54. Qc6+ Ke5 55. Kg5 f4 56. Bd6+ Ke6 57. Bxf4+ Kf7 58. Qd7+ Kg8 59.
Kg6 1-0

[Event "Open de la Loire 2014-2015"]
[Site "Aurec"]
[Date "2015.01.17"]
[Round "5.10"]
[White "Poyet, Louis"]
[Black "Libiszewski, Christian"]
[Result "0-1"]
[WhiteElo "1280"]
[BlackElo "1417"]
[PlyCount "44"]
[EventDate "2015.??.??"]

1. e4 e6 2. d4 d5 3. exd5 exd5 4. Bd3 Nf6 5. Nf3 Bg4 6. Qe2+ Be7 7. Bg5 O-O 8.
O-O Re8 9. Qd1 Nbd7 10. Be2 c5 11. c3 Ne4 12. Bxe7 Rxe7 13. Nbd2 Nxd2 14. Qxd2
Qc7 15. h3 Bh5 16. Rfe1 Rae8 17. b4 c4 18. Kf1 Nf6 19. Ne5 Bxe2+ 20. Rxe2 Ne4
21. Qe3 f6 22. f3 Ng3+ 0-1

[Event "Open de la Loire 2014-2015"]
[Site "Aurec"]
[Date "2015.01.17"]
[Round "5.11"]
[White "Brachet, Gerard"]
[Black "Vier, Serge"]
[Result "0-1"]
[WhiteElo "1320"]
[BlackElo "1665"]
[PlyCount "56"]
[EventDate "2015.??.??"]

1. e4 e6 2. d4 d5 3. e5 c5 4. c3 Nc6 5. Nf3 Qb6 6. Nbd2 Bd7 7. Qb3 Nh6 8. Qxb6
axb6 9. Bb5 Nf5 10. O-O Nxe5 11. Bxd7+ Nxd7 12. Re1 Be7 13. Ne5 Nxe5 14. dxe5
O-O 15. Nf3 Rfd8 16. Bg5 h6 17. Bxe7 Nxe7 18. a3 Nc6 19. b4 Ra4 20. g3 Rda8 21.
b5 Na5 22. Nd2 Nc4 23. Nxc4 Rxc4 24. Re3 Rca4 25. Kg2 Rxa3 26. Rxa3 Rxa3 27. h4
Rb3 28. c4 dxc4 0-1

[Event "Open de la Loire 2014-2015"]
[Site "Aurec"]
[Date "2015.01.17"]
[Round "5.12"]
[White "Joly, Christian"]
[Black "Trottet, Francois"]
[Result "1-0"]
[WhiteElo "1580"]
[BlackElo "1400"]
[PlyCount "27"]
[EventDate "2015.??.??"]

1. d4 Nf6 2. Nf3 e6 3. e3 d5 4. Bd3 Be7 5. b3 Nbd7 6. O-O c6 7. Nbd2 Qc7 8. Bb2
h6 9. Rc1 O-O 10. c4 dxc4 11. bxc4 Qb8 12. Bb1 Bd6 13. Qc2 Ng4 14. Qh7# 1-0

[Event "Open de la Loire 2014-2015"]
[Site "Aurec"]
[Date "2015.01.17"]
[Round "5.13"]
[White "Choquelle, Jean"]
[Black "Legendre, Julien"]
[Result "0-1"]
[WhiteElo "1210"]
[BlackElo "1490"]
[PlyCount "40"]
[EventDate "2015.??.??"]

1. e4 e5 2. Nf3 Nc6 3. c3 Nf6 4. d3 b6 5. a3 g6 6. Bd2 d6 7. c4 Bg7 8. Nc3 Bg4
9. Be2 Bc8 10. O-O h5 11. Nh4 Bh6 12. b4 Nd4 13. f3 Bxd2 14. Nd5 Nxd5 15. Nxg6
Be3+ 16. Kh1 fxg6 17. Rb1 Nc3 18. Qe1 Nxb1 19. h4 Nc2 20. Qg3 Qf6 0-1

[Event "Open de la Loire 2014-2015"]
[Site "Aurec"]
[Date "2015.01.17"]
[Round "5.14"]
[White "Mialon, Franck"]
[Black "Lempereur, Theo"]
[Result "0-1"]
[WhiteElo "1320"]
[BlackElo "1400"]
[PlyCount "66"]
[EventDate "2015.??.??"]

1. e4 e5 2. Nf3 Nc6 3. Bc4 Nf6 4. Ng5 d5 5. exd5 Na5 6. Bb5+ Bd7 7. Bxd7+ Qxd7
8. O-O Nxd5 9. d4 f6 10. Ne4 O-O-O 11. a3 Nc6 12. c4 Nb6 13. d5 Nxc4 14. Qa4
Qxd5 15. Nbc3 Qe6 16. Nb5 a6 17. b3 Nb6 18. Na7+ Nxa7 19. Qa5 Qxb3 20. Be3 Nc6
21. Qe1 Nc4 22. Nc5 Bxc5 23. Bxc5 Rd5 24. Bb4 Nxb4 25. axb4 Rhd8 26. Qe4 Rd1
27. Qg4+ f5 28. Qxf5+ Kb8 29. Raxd1 Rxd1 30. Qf8+ Ka7 31. Qc5+ Nb6 32. h3 Rxf1+
33. Kxf1 Qd1# 0-1

[Event "Open de la Loire 2014-2015"]
[Site "Aurec"]
[Date "2015.01.17"]
[Round "5.15"]
[White "Poncet, Baptiste"]
[Black "Piguet, Francois"]
[Result "0-1"]
[WhiteElo "1130"]
[BlackElo "1599"]
[PlyCount "54"]
[EventDate "2015.??.??"]

1. e4 Nf6 2. Nc3 e5 3. Nf3 Nc6 4. Bc4 Nxe4 5. Nxe4 d5 6. Bb5 dxe4 7. Ng5 Qxg5
8. d3 Qxg2 9. Rf1 Bh3 10. dxe4 Qxe4+ 11. Be3 Bxf1 12. Kxf1 Qh1+ 13. Ke2 Qxd1+
14. Kxd1 O-O-O+ 15. Ke2 Nd4+ 16. Kd3 Nxb5+ 17. Kc4 c6 18. h4 Be7 19. h5 Rd5 20.
a4 Nd4 21. a5 Nxc2 22. Ra2 Nxe3+ 23. Kc3 Nd1+ 24. Kc2 Rhd8 25. Kc1 Nxf2 26. a6
Rc5+ 27. Kb1 Rd1# 0-1

[Event "Open de la Loire 2014-2015"]
[Site "Aurec"]
[Date "2015.01.17"]
[Round "5.16"]
[White "Hong, Shawn"]
[Black "Raffin, Philippe"]
[Result "1-0"]
[WhiteElo "1330"]
[BlackElo "1399"]
[PlyCount "33"]
[EventDate "2015.??.??"]

1. e4 e5 2. Nf3 Nf6 3. d3 d6 4. Nc3 Be7 5. h3 b6 6. Be2 Be6 7. b3 O-O 8. O-O
Nbd7 9. Bb2 h6 10. d4 d5 11. exd5 Nxd5 12. Nxd5 Bxd5 13. dxe5 c6 14. c4 Be4 15.
Qd4 Bg6 16. e6 fxe6 17. Qxg7# 1-0

[Event "Open de la Loire 2014-2015"]
[Site "Aurec"]
[Date "2015.01.17"]
[Round "6.1"]
[White "Allabrune, Guillaume"]
[Black "Ould Taleb, Said"]
[Result "1-0"]
[WhiteElo "1511"]
[BlackElo "1860"]
[PlyCount "79"]
[EventDate "2015.??.??"]

1. e4 c6 2. d4 d5 3. e5 Bf5 4. f4 e6 5. Nf3 Nd7 6. Bd3 Ne7 7. c3 c5 8. O-O Qb6
9. a3 Rc8 10. Bxf5 Nxf5 11. Kh1 h5 12. b4 cxb4 13. cxb4 Be7 14. Qd3 h4 15. Nc3
a6 16. Bb2 g6 17. Rac1 O-O 18. Na4 Qa7 19. Rc3 b6 20. Rfc1 Qb7 21. Qc2 Ne3 22.
Qe2 Nc4 23. Nd2 b5 24. Nxc4 dxc4 25. Nc5 Qa7 26. Rh3 Nb6 27. Qg4 Nd5 28. Nxe6
fxe6 29. Qxe6+ Kg7 30. Qxd5 Rxf4 31. Rf3 Rcf8 32. Rcf1 Rxf3 33. Rxf3 Rxf3 34.
Qxf3 a5 35. e6 Bf6 36. Qd5 axb4 37. axb4 Qa2 38. Qb7+ Kh6 39. Bc1+ Kh5 40. Qf3#
1-0

[Event "Open de la Loire 2014-2015"]
[Site "Aurec"]
[Date "2015.01.17"]
[Round "6.2"]
[White "Briancon, Jean-Philippe"]
[Black "Bragado, Kevin"]
[Result "0-1"]
[WhiteElo "1412"]
[BlackElo "1720"]
[PlyCount "90"]
[EventDate "2015.??.??"]

1. e4 Nf6 2. Nc3 d6 3. Nf3 g6 4. h3 Bg7 5. Bc4 O-O 6. O-O Be6 7. Qe2 Nc6 8. d4
Bxc4 9. Qxc4 Nd7 10. Bd2 Nb6 11. Qe2 Nxd4 12. Nxd4 Bxd4 13. Rad1 Bxc3 14. Bxc3
Na4 15. Bd2 Nxb2 16. Rb1 Na4 17. Rxb7 Nb6 18. Bh6 Re8 19. Qb5 Qc8 20. Qc6 Qe6
21. Rxc7 Rac8 22. a3 Na8 23. Rxc8 Qxc8 24. Qa4 Qb8 25. Qd4 f6 26. Qd5+ e6 27.
Qc6 Kf7 28. Rd1 g5 29. Qd7+ Re7 30. Qxd6 Qxd6 31. Rxd6 Nb6 32. Rd8 Re8 33. Rd4
Kg6 34. Bxg5 Kxg5 35. Rd3 Kg6 36. Rc3 Kf7 37. f4 Rc8 38. Rxc8 Nxc8 39. Kf2 e5
40. fxe5 fxe5 41. Ke3 Nd6 42. Kd3 Ke6 43. c4 Kd7 44. c5 Nb7 45. Kc4 Kc6 0-1

[Event "Open de la Loire 2014-2015"]
[Site "Aurec"]
[Date "2015.01.17"]
[Round "6.3"]
[White "Fauvin, David"]
[Black "Imperiali, Joris"]
[Result "0-1"]
[WhiteElo "1620"]
[BlackElo "1557"]
[PlyCount "91"]
[EventDate "2015.??.??"]

1. c4 Nf6 2. Nc3 d5 3. cxd5 Nxd5 4. g3 Nxc3 5. bxc3 Qd5 6. Nf3 e5 7. Bg2 c5 8.
O-O e4 9. Ne1 Be7 10. Qa4+ Bd7 11. Qxe4 Qxe4 12. Bxe4 Bc6 13. Bxc6+ Nxc6 14.
Nf3 O-O-O 15. Bb2 g5 16. d3 c4 17. d4 f5 18. e3 h5 19. Rad1 Rd5 20. Rfe1 h4 21.
e4 Rb5 22. Bc1 g4 23. Nd2 hxg3 24. fxg3 fxe4 25. Rxe4 Rbh5 26. Nf1 Ra5 27. Re2
Rf8 28. Bf4 Ra3 29. Rc1 Bd8 30. Bd6 Rxf1+ 31. Kxf1 Ra6 32. Rcc2 Ba5 33. Re8+
Kd7 34. d5 Kxe8 35. dxc6 Rxc6 36. Be5 b5 37. Bd4 Bb6 38. Re2+ Kd7 39. Re4 Rg6
40. Bxb6 axb6 41. Rd4+ Kc6 42. Kg2 Kc5 43. Rf4 Rg5 44. h4 gxh3+ 45. Kxh3 b4 46.
Rf3 0-1

[Event "Open de la Loire 2014-2015"]
[Site "Aurec"]
[Date "2015.01.17"]
[Round "6.4"]
[White "Desassis, Jean-Francois"]
[Black "Boeuf, Jean-Julien"]
[Result "1-0"]
[WhiteElo "1550"]
[BlackElo "1521"]
[PlyCount "91"]
[EventDate "2015.??.??"]

1. c4 Nf6 2. Nc3 e6 3. Nf3 b6 4. d3 Bb4 5. Bd2 O-O 6. a3 Be7 7. e4 d6 8. Be2 c5
9. O-O Nc6 10. b4 cxb4 11. axb4 Nxb4 12. e5 dxe5 13. Nxe5 Bb7 14. Nb5 a6 15.
Qb3 Nc6 16. Bf3 Na5 17. Rxa5 Bxf3 18. Rxa6 Rxa6 19. Nxf3 Nd7 20. Nfd4 Bc5 21.
Bc3 Qh4 22. Nf3 Qf4 23. Qb2 f6 24. Qe2 e5 25. Nc7 Ra3 26. Ne6 Qf5 27. Nxf8 Nxf8
28. Rc1 Qd7 29. Qe4 Ra2 30. d4 exd4 31. Nxd4 Ng6 32. Rd1 Qf7 33. Ne6 Bxf2+ 34.
Kh1 h6 35. Nf4 f5 36. Qf3 Ra3 37. Nd5 Bc5 38. Rf1 Bd4 39. Rc1 Bxc3 40. Nxc3
Qxc4 41. h3 Kh7 42. Qe3 f4 43. Qd2 Qb3 44. Nd5 Ra2 45. Nf6+ gxf6 46. Rc7+ 1-0

[Event "Open de la Loire 2014-2015"]
[Site "Aurec"]
[Date "2015.01.17"]
[Round "6.5"]
[White "Liogier, Pascal"]
[Black "Petrosyan, Armen"]
[Result "1-0"]
[WhiteElo "1600"]
[BlackElo "1480"]
[PlyCount "83"]
[EventDate "2015.??.??"]

1. Nf3 Nf6 2. d4 e6 3. Bf4 d5 4. e3 a6 5. Ne5 Nbd7 6. Nd2 c5 7. c3 cxd4 8. cxd4
Be7 9. Bd3 O-O 10. O-O Nxe5 11. dxe5 Ne8 12. Nf3 f6 13. Rc1 Bd7 14. Bb1 Rf7 15.
Nd4 g5 16. Qg4 f5 17. Qg3 Ng7 18. Bxg5 Bxg5 19. f4 Bh6 20. Qh3 Bxf4 21. exf4
Qb6 22. Rfd1 Qxb2 23. Rc2 Qb6 24. Kf1 Ba4 25. Nb3 Bxb3 26. Qxb3 Qd8 27. Rc3 Qh4
28. Rd4 Qxh2 29. Rh3 Qxh3 30. Qxh3 Rc8 31. Qb3 Rc6 32. Ke1 Rfc7 33. Kd2 Nh5 34.
Qf3 Ng7 35. Rd3 Rc1 36. Rb3 b5 37. a4 bxa4 38. Rb8+ Kf7 39. Qa3 Rxb1 40. Rf8+
Kg6 41. Qg3+ Kh6 42. Qg5# 1-0